[Event "Women's Baku Chess Olympiad"]
[Site "chess24.com"]
[Date "2016.09.06"]
[Round "5"]
[White "Rapport, Jovana"]
[Black "Muzychuk, Anna"]
[Result "0-1"]
[Board "1"]
[WhiteID "937266"]
[WhiteElo "2318"]
[WhiteTitle "WGM"]
[WhiteCountry "SRB"]
[WhiteFideId "937266"]
[WhiteEloChange "-4"]
[BlackID "14111330"]
[BlackElo "2550"]
[BlackTitle "GM"]
[BlackCountry "UKR"]
[BlackFideId "14111330"]
[BlackEloChange "2"]

1. c4 {[%clk 1:30:52]} c5 {[%clk 1:30:53]} 2. Nf3 {[%clk 1:31:13]} g6 {[%clk
1:31:02]} 3. e4 {[%clk 1:26:16]} Bg7 {[%clk 1:31:07]} 4. d4 {[%clk 1:26:41]} cxd4
{[%clk 1:31:07]} 5. Nxd4 {[%clk 1:27:04]} Nc6 {[%clk 1:31:16]} 6. Be3 {[%clk
1:25:39]} Nf6 {[%clk 1:31:08]} 7. Nc3 {[%clk 1:25:10]} d6 {[%clk 1:30:43]} 8. Be2
{[%clk 1:22:07]} O-O {[%clk 1:30:55]} 9. Rc1 {[%clk 1:15:10]} Bd7 {[%clk
1:25:25]} 10. Qd2 {[%clk 1:14:26]} Nxd4 {[%clk 1:22:17]} 11. Bxd4 {[%clk
1:14:23]} Bc6 {[%clk 1:21:33]} 12. f3 {[%clk 1:14:35]} a5 {[%clk 1:21:28]} 13.
Be3 {[%clk 0:57:34]} Nd7 {[%clk 1:13:35]} 14. g4 {[%clk 0:49:22]} a4 {[%clk
0:59:19]} 15. h4 {[%clk 0:46:24]} Qa5 {[%clk 0:49:09]} 16. h5 {[%clk 0:28:07]}
Qe5 {[%clk 0:40:20]} 17. Rh3 {[%clk 0:13:22]} Nc5 {[%clk 0:32:37]} 18. Rc2 {[%clk
0:12:14]} a3 {[%clk 0:16:53]} 19. b3 {[%clk 0:12:37]} f5 {[%clk 0:16:57]} 20. h6
{[%clk 0:08:23]} fxg4 {[%clk 0:12:06]} 21. hxg7 {[%clk 0:08:49]} gxh3 {[%clk
0:12:31]} 22. gxf8Q+ {[%clk 0:09:14]} Rxf8 {[%clk 0:12:57]} 23. f4 {[%clk
0:08:25]} Nxe4 {[%clk 0:07:00]} 24. fxe5 {[%clk 0:04:42]} h2 {[%clk 0:06:31]} 25.
Qd4 {[%clk 0:05:09]} h1Q+ {[%clk 0:02:34]} 26. Bg1 {[%clk 0:05:35]} Rf2 {[%clk
0:02:35]} 27. Nxe4 {[%clk 0:00:32]} Qxg1+ {[%clk 0:02:55]} 28. Kd2 {[%clk
0:00:57]} Rxe2+ {[%clk 0:03:15]} 0-1

[Event "Women's Baku Chess Olympiad"]
[Site "chess24.com"]
[Date "2016.09.06"]
[Round "5"]
[White "Dauletova, Gulmira"]
[Black "Gunina, Valentina"]
[Result "0-1"]
[Board "2"]
[WhiteID "13702971"]
[WhiteElo "2275"]
[WhiteTitle "WIM"]
[WhiteCountry "KAZ"]
[WhiteFideId "13702971"]
[WhiteEloChange "-4"]
[BlackID "4167570"]
[BlackElo "2520"]
[BlackTitle "GM"]
[BlackCountry "RUS"]
[BlackFideId "4167570"]
[BlackEloChange "2"]

1. e4 {[%clk 1:30:44]} e5 {[%clk 1:30:50]} 2. Nf3 {[%clk 1:30:46]} Nf6 {[%clk
1:31:11]} 3. Nxe5 {[%clk 1:30:27]} d6 {[%clk 1:31:17]} 4. Nf3 {[%clk 1:30:38]}
Nxe4 {[%clk 1:31:35]} 5. d4 {[%clk 1:29:37]} d5 {[%clk 1:30:56]} 6. Bd3 {[%clk
1:29:26]} Nc6 {[%clk 1:30:50]} 7. O-O {[%clk 1:28:36]} Be7 {[%clk 1:30:52]} 8. c4
{[%clk 1:28:10]} Nb4 {[%clk 1:30:33]} 9. Be2 {[%clk 1:28:15]} O-O {[%clk
1:30:40]} 10. Nc3 {[%clk 1:28:19]} Bf5 {[%clk 1:29:14]} 11. a3 {[%clk 1:28:07]}
Nxc3 {[%clk 1:28:05]} 12. bxc3 {[%clk 1:28:35]} Nc6 {[%clk 1:28:28]} 13. cxd5
{[%clk 1:27:10]} Qxd5 {[%clk 1:28:52]} 14. Bf4 {[%clk 1:27:35]} Rac8 {[%clk
1:29:00]} 15. Re1 {[%clk 1:26:11]} Rfe8 {[%clk 1:28:48]} 16. Bd3 {[%clk 1:23:37]}
Bf6 {[%clk 0:24:54]} 17. Rxe8+ {[%clk 1:14:58]} Rxe8 {[%clk 0:25:18]} 18. Bxf5
{[%clk 1:15:22]} Qxf5 {[%clk 0:25:44]} 19. Bxc7 {[%clk 1:15:41]} Rc8 {[%clk
0:25:52]} 20. Bg3 {[%clk 1:12:49]} Na5 {[%clk 0:23:00]} 21. Qa4 {[%clk 1:11:40]}
h6 {[%clk 0:20:47]} 22. Re1 {[%clk 0:51:00]} b6 {[%clk 0:20:55]} 23. h3 {[%clk
0:49:06]} Kh7 {[%clk 0:20:57]} 24. Be5 {[%clk 0:29:56]} Rxc3 {[%clk 0:15:23]} 25.
Qe8 {[%clk 0:17:33]} Bxe5 {[%clk 0:14:52]} 26. Nxe5 {[%clk 0:17:48]} Qe6 {[%clk
0:03:32]} 27. Nxf7 {[%clk 0:15:45]} Qxe8 {[%clk 0:03:39]} 28. Rxe8 {[%clk
0:16:14]} Rxa3 {[%clk 0:03:05]} 29. Rh8+ {[%clk 0:02:22]} Kg6 {[%clk 0:03:34]}
30. Ne5+ {[%clk 0:02:48]} Kf5 {[%clk 0:03:46]} 31. Rg8 {[%clk 0:01:20]} Nb3
{[%clk 0:02:07]} 32. Nf3 {[%clk 0:01:04]} Ra1+ {[%clk 0:02:07]} 33. Kh2 {[%clk
0:01:04]} Kf6 {[%clk 0:01:54]} 34. Rf8+ {[%clk 0:00:46]} Ke6 {[%clk 0:02:12]} 35.
Re8+ {[%clk 0:00:59]} Kd6 {[%clk 0:02:07]} 36. Rd8+ {[%clk 0:00:54]} Kc6 {[%clk
0:00:43]} 37. Ne5+ {[%clk 0:00:43]} Kb5 {[%clk 0:00:53]} 38. d5 {[%clk 0:00:44]}
Rd1 {[%clk 0:01:05]} 39. d6 {[%clk 0:00:44]} Nc5 {[%clk 0:01:12]} 40. d7 {[%clk
0:30:39]} a5 {[%clk 0:31:02]} 41. Rc8 {[%clk 0:19:39]} Nxd7 {[%clk 0:28:29]} 42.
Rd8 {[%clk 0:19:54]} a4 {[%clk 0:21:53]} 43. Nxd7 {[%clk 0:20:17]} Rd4 {[%clk
0:22:17]} 44. f4 {[%clk 0:12:50]} a3 {[%clk 0:21:49]} 45. Ra8 {[%clk 0:13:18]}
Ra4 {[%clk 0:22:01]} 46. Rb8 {[%clk 0:13:20]} Ra6 {[%clk 0:21:59]} 47. Re8 {[%clk
0:12:54]} a2 {[%clk 0:21:43]} 48. Re5+ {[%clk 0:13:12]} Kb4 {[%clk 0:20:53]} 49.
Re4+ {[%clk 0:09:27]} Kc3 {[%clk 0:21:02]} 50. Re1 {[%clk 0:09:31]} b5 {[%clk
0:21:11]} 51. Nc5 {[%clk 0:00:40]} a1Q {[%clk 0:21:14]} 52. Re3+ {[%clk 0:00:45]}
Kd4 {[%clk 0:21:34]} 0-1

[Event "Women's Baku Chess Olympiad"]
[Site "chess24.com"]
[Date "2016.09.06"]
[Round "5"]
[White "Krivec, Jana"]
[Black "Pavlidou, Ekaterini"]
[Result "*"]
[Board "2"]
[WhiteID "14601982"]
[WhiteElo "2259"]
[WhiteTitle "WGM"]
[WhiteCountry "SLO"]
[WhiteFideId "14601982"]
[BlackID "4213262"]
[BlackElo "2140"]
[BlackTitle "WIM"]
[BlackCountry "GRE"]
[BlackFideId "4213262"]

1. e4 {[%clk 1:30:55]} c5 {[%clk 1:30:40]} 2. Nc3 {[%clk 1:31:19]} Nc6 {[%clk
1:30:25]} 3. Bb5 {[%clk 1:31:45]} Nd4 {[%clk 1:29:55]} 4. Nf3 {[%clk 1:32:05]}
Nxb5 {[%clk 1:24:47]} 5. Nxb5 {[%clk 1:32:30]} a6 {[%clk 1:24:11]} 6. Nc3 {[%clk
1:31:56]} d6 {[%clk 1:21:00]} 7. d4 {[%clk 1:31:49]} cxd4 {[%clk 1:21:06]} 8.
Qxd4 {[%clk 1:32:16]} e5 {[%clk 1:18:16]} 9. Qd3 {[%clk 1:31:50]} h6 {[%clk
1:18:00]} 10. Nd2 {[%clk 1:23:22]} Nf6 {[%clk 1:14:04]} 11. Nc4 {[%clk 1:20:51]}
Be7 {[%clk 1:11:45]} 12. Be3 {[%clk 1:03:23]} b5 {[%clk 1:09:08]} 13. Nb6 {[%clk
1:03:48]} Rb8 {[%clk 1:08:35]} 14. Ncd5 {[%clk 0:48:53]} Nxd5 {[%clk 1:06:16]}
15. Nxd5 {[%clk 0:49:18]} Be6 {[%clk 1:05:14]} 16. Nxe7 {[%clk 0:32:12]} Kxe7
{[%clk 0:53:15]} 17. b3 {[%clk 0:30:54]} Qc7 {[%clk 0:51:55]} 18. O-O {[%clk
0:29:57]} Rhd8 {[%clk 0:48:16]} 19. a4 {[%clk 0:26:51]} Qc6 {[%clk 0:40:23]} 20.
axb5 {[%clk 0:24:51]} axb5 {[%clk 0:39:07]} 21. f4 {[%clk 0:12:44]} f6 {[%clk
0:22:57]} 22. Ra7+ {[%clk 0:12:53]} Rb7 {[%clk 0:22:26]} 23. Rxb7+ {[%clk
0:10:20]} Qxb7 {[%clk 0:22:51]} 24. Ra1 {[%clk 0:08:40]} Qc6 {[%clk 0:20:42]} 25.
Ra7+ {[%clk 0:08:23]} Rd7 {[%clk 0:20:40]} 26. Rxd7+ {[%clk 0:08:14]} Bxd7 {[%clk
0:19:46]} 27. fxe5 {[%clk 0:07:59]} dxe5 {[%clk 0:17:00]} 28. b4 {[%clk 0:07:49]}
Bc8 {[%clk 0:16:16]} 29. Bc5+ {[%clk 0:08:07]} Kf7 {[%clk 0:16:10]} 30. Kf2
{[%clk 0:05:10]} Qd7 {[%clk 0:15:05]} *

[Event "Women's Baku Chess Olympiad"]
[Site "chess24.com"]
[Date "2016.09.06"]
[Round "5"]
[White "Aliaga Fernandez, Ingrid Y"]
[Black "Khotenashvili, Bela"]
[Result "0-1"]
[Board "3"]
[WhiteID "3802191"]
[WhiteElo "2096"]
[WhiteTitle "WFM"]
[WhiteCountry "PER"]
[WhiteFideId "3802191"]
[WhiteEloChange "-2"]
[BlackID "13602640"]
[BlackElo "2463"]
[BlackTitle "GM"]
[BlackCountry "GEO"]
[BlackFideId "13602640"]
[BlackEloChange "1"]

1. e4 {[%clk 1:30:55]} e5 {[%clk 1:30:51]} 2. Nf3 {[%clk 1:31:16]} Nc6 {[%clk
1:31:15]} 3. d4 {[%clk 1:31:41]} exd4 {[%clk 1:31:39]} 4. Nxd4 {[%clk 1:32:04]}
Bc5 {[%clk 1:31:55]} 5. Nb3 {[%clk 1:32:28]} Bb6 {[%clk 1:32:18]} 6. Nc3 {[%clk
1:32:49]} Nf6 {[%clk 1:32:37]} 7. Bg5 {[%clk 1:31:14]} h6 {[%clk 1:32:35]} 8. Bh4
{[%clk 1:31:15]} d6 {[%clk 1:30:43]} 9. Qe2 {[%clk 1:24:13]} O-O {[%clk 1:24:13]}
10. O-O-O {[%clk 1:22:55]} Be6 {[%clk 1:21:12]} 11. Kb1 {[%clk 0:53:42]} Re8
{[%clk 1:14:39]} 12. f3 {[%clk 0:48:42]} a5 {[%clk 1:13:54]} 13. a4 {[%clk
0:48:51]} Qe7 {[%clk 1:05:09]} 14. Bf2 {[%clk 0:37:01]} Bxf2 {[%clk 1:00:29]} 15.
Qxf2 {[%clk 0:37:16]} Bxb3 {[%clk 1:00:50]} 16. cxb3 {[%clk 0:37:41]} Nb4 {[%clk
1:01:09]} 17. Bc4 {[%clk 0:36:55]} Nd7 {[%clk 0:53:34]} 18. h4 {[%clk 0:29:44]}
Ne5 {[%clk 0:49:48]} 19. Rhe1 {[%clk 0:21:53]} c6 {[%clk 0:40:38]} 20. Re2 {[%clk
0:11:19]} Nxc4 {[%clk 0:29:06]} 21. bxc4 {[%clk 0:11:47]} Qe6 {[%clk 0:29:28]}
22. b3 {[%clk 0:04:56]} Qf6 {[%clk 0:24:12]} 23. Na2 {[%clk 0:05:19]} Na6 {[%clk
0:22:09]} 24. Red2 {[%clk 0:04:59]} Re6 {[%clk 0:22:22]} 25. h5 {[%clk 0:01:02]}
Qe5 {[%clk 0:17:37]} 26. g4 {[%clk 0:01:06]} Nc5 {[%clk 0:17:32]} 27. Kc2 {[%clk
0:01:10]} Rf6 {[%clk 0:13:57]} 28. Nc3 {[%clk 0:01:13]} Ra6 {[%clk 0:05:06]} 29.
Rf1 {[%clk 0:01:13]} Rb6 {[%clk 0:05:09]} 30. f4 {[%clk 0:01:15]} Qe7 {[%clk
0:04:52]} 31. Rb1 {[%clk 0:00:37]} Re6 {[%clk 0:03:50]} 32. Re2 {[%clk 0:00:38]}
Rb4 {[%clk 0:04:06]} 33. e5 {[%clk 0:00:55]} dxe5 {[%clk 0:03:49]} 34. f5 {[%clk
0:00:47]} Rd6 {[%clk 0:03:52]} 35. Qxc5 {[%clk 0:00:31]} Rd2+ {[%clk 0:03:40]}
36. Rxd2 {[%clk 0:01:00]} Qxc5 {[%clk 0:04:06]} 37. f6 {[%clk 0:01:15]} gxf6
{[%clk 0:04:03]} 38. Ne4 {[%clk 0:01:08]} Qe3 {[%clk 0:03:16]} 39. Nxf6+ {[%clk
0:01:33]} Kg7 {[%clk 0:02:20]} 40. Ne8+ {[%clk 0:31:38]} Kf8 {[%clk 0:32:27]} 41.
Nd6 {[%clk 0:30:52]} Kg8 {[%clk 0:25:49]} 42. Nf5 {[%clk 0:22:49]} Qe4+ {[%clk
0:25:20]} 43. Rd3 {[%clk 0:23:03]} Kh7 {[%clk 0:22:36]} 44. Ne3 {[%clk 0:16:47]}
b5 {[%clk 0:19:26]} 45. axb5 {[%clk 0:17:01]} a4 {[%clk 0:18:40]} 46. bxc6 {[%clk
0:00:46]} Rxb3 {[%clk 0:18:04]} 47. Rd1 {[%clk 0:01:15]} Rxd3 {[%clk 0:17:14]}
48. Rxd3 {[%clk 0:01:44]} Qxc6 {[%clk 0:17:02]} 49. Ra3 {[%clk 0:02:03]} Qc5
{[%clk 0:16:12]} 50. Rc3 {[%clk 0:02:00]} e4 {[%clk 0:13:19]} 51. Nd1 {[%clk
0:01:10]} Qb4 {[%clk 0:12:04]} 52. c5 {[%clk 0:00:32]} a3 {[%clk 0:12:01]} 53. c6
{[%clk 0:00:33]} a2 {[%clk 0:12:10]} 54. c7 {[%clk 0:00:57]} a1Q {[%clk 0:12:05]}
55. c8Q {[%clk 0:01:06]} Qa2+ {[%clk 0:12:15]} 0-1

[Event "Women's Baku Chess Olympiad"]
[Site "chess24.com"]
[Date "2016.09.06"]
[Round "5"]
[White "Cordero, Daniela"]
[Black "Botez, Alexandra"]
[Result "1-0"]
[Board "3"]
[WhiteID "3301630"]
[WhiteElo "1954"]
[WhiteTitle "WIM"]
[WhiteCountry "BOL"]
[WhiteFideId "3301630"]
[WhiteEloChange "14"]
[BlackID "2603365"]
[BlackElo "2092"]
[BlackTitle "WFM"]
[BlackCountry "CAN"]
[BlackFideId "2603365"]
[BlackEloChange "-14"]

1. d4 {[%clk 1:30:58]} Nf6 {[%clk 1:30:54]} 2. Nf3 {[%clk 1:31:20]} g6 {[%clk
1:31:15]} 3. c4 {[%clk 1:31:40]} Bg7 {[%clk 1:31:35]} 4. g3 {[%clk 1:32:01]} O-O
{[%clk 1:31:57]} 5. Bg2 {[%clk 1:32:25]} d6 {[%clk 1:32:22]} 6. O-O {[%clk
1:32:47]} c6 {[%clk 1:32:42]} 7. Nc3 {[%clk 1:33:09]} Nbd7 {[%clk 1:33:00]} 8. e4
{[%clk 1:33:27]} e5 {[%clk 1:33:25]} 9. h3 {[%clk 1:33:46]} exd4 {[%clk 1:32:42]}
10. Nxd4 {[%clk 1:34:09]} Nc5 {[%clk 1:32:43]} 11. Re1 {[%clk 1:28:05]} Re8
{[%clk 1:33:03]} 12. Rb1 {[%clk 1:22:05]} a5 {[%clk 1:33:17]} 13. b3 {[%clk
1:22:01]} h6 {[%clk 1:33:18]} 14. Bb2 {[%clk 1:14:53]} Bd7 {[%clk 1:32:25]} 15.
a3 {[%clk 1:07:06]} Qb6 {[%clk 1:28:43]} 16. Ba1 {[%clk 1:02:24]} Rad8 {[%clk
1:26:05]} 17. b4 {[%clk 0:58:38]} axb4 {[%clk 1:26:08]} 18. axb4 {[%clk 0:58:51]}
Ne6 {[%clk 1:26:13]} 19. Nf3 {[%clk 0:51:58]} Bc8 {[%clk 1:15:59]} 20. Qc2 {[%clk
0:49:03]} Qc7 {[%clk 1:13:08]} 21. Na4 {[%clk 0:39:19]} d5 {[%clk 0:59:02]} 22.
Be5 {[%clk 0:35:04]} Qe7 {[%clk 0:58:24]} 23. exd5 {[%clk 0:35:06]} cxd5 {[%clk
0:58:34]} 24. c5 {[%clk 0:34:53]} Ne4 {[%clk 0:57:32]} 25. Bxg7 {[%clk 0:32:06]}
Kxg7 {[%clk 0:57:08]} 26. Rbd1 {[%clk 0:23:38]} Qf6 {[%clk 0:55:16]} 27. Nb6
{[%clk 0:17:24]} Nc3 {[%clk 0:51:24]} 28. Rc1 {[%clk 0:09:30]} d4 {[%clk
0:49:34]} 29. Nc4 {[%clk 0:08:42]} Nb5 {[%clk 0:47:28]} 30. Nfe5 {[%clk 0:05:17]}
d3 {[%clk 0:33:02]} 31. Nxd3 {[%clk 0:02:09]} Nbd4 {[%clk 0:31:31]} 32. Qb2
{[%clk 0:02:26]} Ng5 {[%clk 0:30:36]} 33. Nde5 {[%clk 0:01:20]} Nxh3+ {[%clk
0:27:05]} 34. Kf1 {[%clk 0:01:19]} Ng5 {[%clk 0:10:55]} 35. Rcd1 {[%clk 0:01:19]}
Nf5 {[%clk 0:05:09]} 36. Kg1 {[%clk 0:01:39]} Ne6 {[%clk 0:03:03]} 37. Nf3 {[%clk
0:01:09]} Qxb2 {[%clk 0:02:10]} 38. Nxb2 {[%clk 0:01:37]} Nc7 {[%clk 0:01:25]}
39. Nc4 {[%clk 0:00:50]} Rxe1+ {[%clk 0:01:05]} 40. Rxe1 {[%clk 0:31:14]} Na6
{[%clk 0:31:19]} 41. g4 {[%clk 0:14:44]} Nd4 {[%clk 0:29:59]} 42. Nd6 {[%clk
0:13:19]} Ne6 {[%clk 0:25:42]} 43. Ne5 {[%clk 0:12:02]} Nac7 {[%clk 0:03:05]} 44.
Nexf7 {[%clk 0:08:31]} Rf8 {[%clk 0:03:21]} 45. Nxc8 {[%clk 0:07:54]} Rxf7 {[%clk
0:01:19]} 46. Nd6 {[%clk 0:03:19]} Rf4 {[%clk 0:01:24]} 47. b5 {[%clk 0:01:13]}
Kf6 {[%clk 0:00:58]} 48. b6 {[%clk 0:01:35]} Na6 {[%clk 0:00:55]} 49. Nxb7 {[%clk
0:00:41]} Rb4 {[%clk 0:00:39]} 50. Rc1 {[%clk 0:00:36]} Nf4 {[%clk 0:00:48]} 51.
Bf1 {[%clk 0:00:57]} Nxc5 {[%clk 0:00:39]} 52. Nxc5 {[%clk 0:01:14]} Nd5 {[%clk
0:00:41]} 53. b7 {[%clk 0:01:14]} Ke7 {[%clk 0:00:38]} 54. Bg2 {[%clk 0:00:43]}
Nf4 {[%clk 0:00:45]} 55. Re1+ {[%clk 0:00:37]} Kf7 {[%clk 0:00:31]} 56. Be4
{[%clk 0:00:42]} Nh3+ {[%clk 0:00:36]} 57. Kg2 {[%clk 0:01:00]} Nf4+ {[%clk
0:00:48]} 58. Kg3 {[%clk 0:01:11]} g5 {[%clk 0:00:55]} 59. Na6 {[%clk 0:01:24]}
Rb3+ {[%clk 0:01:16]} 60. Bf3 {[%clk 0:01:47]} h5 {[%clk 0:01:36]} 61. b8Q {[%clk
0:01:35]} h4+ {[%clk 0:02:00]} 62. Kh2 {[%clk 0:01:55]} 1-0

[Event "Women's Baku Chess Olympiad"]
[Site "chess24.com"]
[Date "2016.09.06"]
[Round "5"]
[White "Agbabishvili, Lali"]
[Black "Molina, Jessica"]
[Result "*"]
[Board "4"]
[WhiteID "2613433"]
[WhiteElo "2064"]
[WhiteCountry "CAN"]
[WhiteFideId "2613433"]
[BlackID "3303888"]
[BlackElo "1883"]
[BlackCountry "BOL"]
[BlackFideId "3303888"]

1. Nf3 {[%clk 1:30:53]} Nf6 {[%clk 1:30:50]} 2. g3 {[%clk 1:31:18]} d5 {[%clk
1:31:11]} 3. Bg2 {[%clk 1:31:41]} c5 {[%clk 1:31:01]} 4. d4 {[%clk 1:32:01]} e6
{[%clk 1:30:24]} 5. O-O {[%clk 1:32:20]} Nc6 {[%clk 1:30:26]} 6. c3 {[%clk
1:32:42]} cxd4 {[%clk 1:28:52]} 7. cxd4 {[%clk 1:32:49]} Bd6 {[%clk 1:29:05]} 8.
Nc3 {[%clk 1:32:58]} a6 {[%clk 1:28:00]} 9. Bg5 {[%clk 1:17:50]} O-O {[%clk
1:26:28]} 10. Rc1 {[%clk 1:14:53]} h6 {[%clk 1:20:57]} 11. Be3 {[%clk 1:09:24]}
Bd7 {[%clk 1:11:36]} 12. Kh1 {[%clk 1:06:52]} Ng4 {[%clk 0:55:11]} 13. Bd2 {[%clk
1:04:29]} f5 {[%clk 0:48:27]} 14. e3 {[%clk 1:04:49]} g5 {[%clk 0:46:54]} 15. Ne1
{[%clk 0:57:27]} Nf6 {[%clk 0:44:27]} 16. Nd3 {[%clk 0:56:48]} Be8 {[%clk
0:39:35]} 17. Na4 {[%clk 0:54:05]} Rf7 {[%clk 0:24:54]} 18. Nac5 {[%clk 0:53:42]}
Re7 {[%clk 0:24:53]} 19. Bc3 {[%clk 0:40:51]} Ne4 {[%clk 0:14:07]} 20. Nxe4
{[%clk 0:24:20]} dxe4 {[%clk 0:14:15]} 21. Nc5 {[%clk 0:21:36]} Bxc5 {[%clk
0:09:25]} 22. dxc5 {[%clk 0:21:57]} Rd7 {[%clk 0:09:36]} 23. Qb3 {[%clk 0:22:09]}
Bf7 {[%clk 0:08:33]} 24. Rfd1 {[%clk 0:20:11]} g4 {[%clk 0:06:39]} 25. Rxd7
{[%clk 0:19:08]} Qxd7 {[%clk 0:07:03]} 26. Rd1 {[%clk 0:19:27]} Qe7 {[%clk
0:03:36]} 27. Rd6 {[%clk 0:19:37]} Rd8 {[%clk 0:03:18]} 28. Qd1 {[%clk 0:19:42]}
*

[Event "Women's Baku Chess Olympiad"]
[Site "chess24.com"]
[Date "2016.09.06"]
[Round "5"]
[White "Voiska, Margarita"]
[Black "Martinez, Ayelen"]
[Result "0-1"]
[Board "4"]
[WhiteID "2900602"]
[WhiteElo "2290"]
[WhiteTitle "WGM"]
[WhiteCountry "BUL"]
[WhiteFideId "2900602"]
[WhiteEloChange "-12"]
[BlackID "118702"]
[BlackElo "2219"]
[BlackTitle "WIM"]
[BlackCountry "ARG"]
[BlackFideId "118702"]
[BlackEloChange "12"]

1. d4 {[%clk 1:30:56]} Nf6 {[%clk 1:30:56]} 2. g3 {[%clk 1:31:07]} g6 {[%clk
1:31:19]} 3. Bg2 {[%clk 1:31:32]} Bg7 {[%clk 1:31:43]} 4. Nf3 {[%clk 1:31:08]}
O-O {[%clk 1:32:07]} 5. O-O {[%clk 1:30:32]} d6 {[%clk 1:32:31]} 6. c4 {[%clk
1:30:15]} c5 {[%clk 1:32:44]} 7. dxc5 {[%clk 1:26:13]} dxc5 {[%clk 1:32:57]} 8.
Ne5 {[%clk 1:26:04]} Qd4 {[%clk 1:22:09]} 9. Nd3 {[%clk 1:19:51]} Qxc4 {[%clk
1:17:14]} 10. Na3 {[%clk 1:15:50]} Qg4 {[%clk 1:12:01]} 11. Be3 {[%clk 1:05:47]}
Nc6 {[%clk 1:04:06]} 12. Bxc5 {[%clk 1:04:24]} Nd7 {[%clk 0:57:14]} 13. Be3
{[%clk 1:00:52]} Rd8 {[%clk 0:47:06]} 14. h3 {[%clk 0:51:39]} Qh5 {[%clk
0:43:11]} 15. g4 {[%clk 0:46:42]} Qh4 {[%clk 0:39:17]} 16. Qc1 {[%clk 0:41:08]}
Nd4 {[%clk 0:36:00]} 17. Bxd4 {[%clk 0:36:20]} Bxd4 {[%clk 0:36:23]} 18. Nb5
{[%clk 0:36:42]} Bg7 {[%clk 0:32:30]} 19. Qe3 {[%clk 0:27:22]} Nf6 {[%clk
0:30:40]} 20. Nc7 {[%clk 0:23:20]} Rb8 {[%clk 0:29:21]} 21. Ne5 {[%clk 0:23:13]}
Ne8 {[%clk 0:22:13]} 22. Nd5 {[%clk 0:18:11]} Bxe5 {[%clk 0:10:52]} 23. Qxe5
{[%clk 0:18:30]} Be6 {[%clk 0:10:54]} 24. Rad1 {[%clk 0:15:30]} Nd6 {[%clk
0:10:14]} 25. b3 {[%clk 0:11:15]} b5 {[%clk 0:05:25]} 26. Rd4 {[%clk 0:11:08]}
Bxd5 {[%clk 0:04:14]} 27. Rxd5 {[%clk 0:11:13]} Rdc8 {[%clk 0:03:13]} 28. Rfd1
{[%clk 0:10:46]} b4 {[%clk 0:02:03]} 29. Rc5 {[%clk 0:05:25]} Rxc5 {[%clk
0:01:09]} 30. Qxc5 {[%clk 0:05:52]} a6 {[%clk 0:01:30]} 31. e4 {[%clk 0:03:56]}
Rc8 {[%clk 0:00:42]} 32. Qxb4 {[%clk 0:03:16]} Rc2 {[%clk 0:01:00]} 33. Qd4
{[%clk 0:01:56]} Nb5 {[%clk 0:01:10]} 34. Qe3 {[%clk 0:02:02]} e5 {[%clk
0:01:10]} 35. Rd2 {[%clk 0:01:35]} Rc1+ {[%clk 0:00:44]} 36. Kh2 {[%clk 0:02:01]}
Rc3 {[%clk 0:00:40]} 37. Rd3 {[%clk 0:01:55]} Rxd3 {[%clk 0:00:54]} 38. Qxd3
{[%clk 0:02:21]} Qxf2 {[%clk 0:01:22]} 39. a4 {[%clk 0:01:07]} Nd4 {[%clk
0:01:47]} 40. Qf1 {[%clk 0:31:12]} Qb2 {[%clk 0:30:47]} 41. Qxa6 {[%clk 0:28:52]}
Nf3+ {[%clk 0:21:01]} 42. Kh1 {[%clk 0:24:11]} Nh4 {[%clk 0:19:20]} 43. Bf1
{[%clk 0:20:29]} Nf3 {[%clk 0:16:19]} 44. Qe2 {[%clk 0:19:13]} Nd2 {[%clk
0:16:10]} 45. a5 {[%clk 0:17:01]} Qc1 {[%clk 0:14:23]} 46. Kg2 {[%clk 0:16:14]}
Nxb3 {[%clk 0:12:59]} 47. a6 {[%clk 0:16:08]} Nd4 {[%clk 0:10:58]} 48. Qd3 {[%clk
0:05:43]} Qa1 {[%clk 0:06:34]} 49. Qe3 {[%clk 0:03:59]} Qa4 {[%clk 0:01:57]} 50.
Kg1 {[%clk 0:03:47]} Kg7 {[%clk 0:01:03]} 51. g5 {[%clk 0:03:20]} Qd1 {[%clk
0:00:37]} 52. Qf2 {[%clk 0:02:16]} Nf3+ {[%clk 0:00:41]} 53. Kg2 {[%clk 0:02:13]}
Nxg5 {[%clk 0:00:40]} 54. a7 {[%clk 0:02:04]} Qa4 {[%clk 0:00:32]} 55. Bc4 {[%clk
0:01:40]} Qa3 {[%clk 0:00:43]} 56. h4 {[%clk 0:01:49]} Qh3+ {[%clk 0:00:39]} 57.
Kg1 {[%clk 0:02:18]} Qg4+ {[%clk 0:00:32]} 58. Kh2 {[%clk 0:02:21]} Nf3+ {[%clk
0:00:40]} 59. Qxf3 {[%clk 0:02:43]} Qxf3 {[%clk 0:01:07]} 60. a8Q {[%clk
0:03:06]} Qf2+ {[%clk 0:01:01]} 61. Kh1 {[%clk 0:01:57]} Qe1+ {[%clk 0:00:47]}
62. Kh2 {[%clk 0:01:42]} Qd2+ {[%clk 0:00:42]} 63. Kg1 {[%clk 0:01:58]} Qd4+
{[%clk 0:00:59]} 64. Kg2 {[%clk 0:02:14]} Qxc4 {[%clk 0:01:25]} 65. Qb7 {[%clk
0:02:30]} Qe2+ {[%clk 0:01:46]} 66. Kg3 {[%clk 0:02:48]} h5 {[%clk 0:01:50]} 0-1